Heart Beats/ (Record no. 213308)

MARC details
000 -LEADER
fixed length control field 00671nam a22002057a 4500
005 - DATE AND TIME OF LATEST TRANSACTION
control field 20260127154245.0
010 ## - LCCN (DPL NO)
LC control number ENG-146616 ENG-147674
020 ## - INTERNATIONAL STANDARD BOOK NUMBER
International Standard Book Number 9789359062228
Terms of availability 100.00
035 ## - SYSTEM CONTROL NUMBER
System control number EN-130146
035 ## - SYSTEM CONTROL NUMBER
System control number EN-131206
037 ## - SOURCE OF ACQUISITION
Source of stock number/acquisition DBAD
082 ## - DEWEY DECIMAL CLASSIFICATION NUMBER
Classification number S
100 ## - MAIN ENTRY--PERSONAL NAME
Personal name Sudheer, Jaladi Ratna
245 ## - TITLE STATEMENT
Title Heart Beats/
Statement of responsibility, etc Jaladi Ratna Sudheer
260 ## - PUBLICATION, DISTRIBUTION, ETC. (IMPRINT)
Place of publication, distribution, etc Hyderabad
Name of publisher, distributor, etc jaladi Ratna Sudheer
Date of publication, distribution, etc Sep, 2023
270 ## - ADDRESS
Address 501,Saikrishna Towers 8-3-229/16/W Hylem Colony, Venkatagiri
City Hyderabad
Postal code 500045
300 ## - PHYSICAL DESCRIPTION
Extent 121p.
Dimensions 21cm(pbk)
700 ## - ADDED ENTRY--PERSONAL NAME
Personal name Beham, M.Parisa ; Tamilselvi, R. ; Ramya, S. ; Shanmugapriya and Judith,J.
9 (RLIN) 84656
942 ## - ADDED ENTRY ELEMENTS (KOHA)
Source of classification or shelving scheme Dewey Decimal Classification
Item type English Books
Classification part S
Call number suffix SUD
Holdings
Withdrawn status Lost status Not for loan Collection code Home library Current library Date acquired Source of acquisition Cost, normal purchase price Full call number Barcode Copy number Cost, replacement price Koha item type
      Fiction Ashok Vihar Ashok Vihar 27/01/2026 Delivery of Books Act Division 100.00 S SUD EN-131206 1 100.00 English Books
      Non-fiction Mobile Library Mobile Library 03/09/2025 DBAD 100.00 S SUD EN-130146 1 100.00 English Books

© Delhi Public Library
Hit Counter
free hit counter